<?xml version="1.0" encoding="UTF-8"?>
<record
    xmlns:xsi="http://www.w3.org/2001/XMLSchema-instance"
    xsi:schemaLocation="http://www.loc.gov/MARC21/slim http://www.loc.gov/standards/marcxml/schema/MARC21slim.xsd"
    xmlns="http://www.loc.gov/MARC21/slim">

  <leader>01193nam a2200205 a 4500</leader>
  <controlfield tag="008">190917e2001    sp  |||g |||| 001 0 spa d</controlfield>
  <datafield tag="020" ind1=" " ind2=" ">
    <subfield code="a">8401422825</subfield>
  </datafield>
  <datafield tag="041" ind1=" " ind2=" ">
    <subfield code="a">spa</subfield>
  </datafield>
  <datafield tag="092" ind1=" " ind2=" ">
    <subfield code="c">808</subfield>
    <subfield code="l">8</subfield>
    <subfield code="s">BRA</subfield>
  </datafield>
  <datafield tag="100" ind1="1" ind2=" ">
    <subfield code="a">Bradbury, Ray</subfield>
    <subfield code="9">3937</subfield>
  </datafield>
  <datafield tag="245" ind1=" " ind2=" ">
    <subfield code="a">Fahrenheit 451 /</subfield>
    <subfield code="c">Ray Bradbury</subfield>
  </datafield>
  <datafield tag="250" ind1=" " ind2=" ">
    <subfield code="a">1a ed.</subfield>
    <subfield code="b">Traducci&#xF3;n Alfredo Crespo</subfield>
  </datafield>
  <datafield tag="260" ind1=" " ind2=" ">
    <subfield code="a">Barcelona:</subfield>
    <subfield code="b">Plaza &amp; Janes;</subfield>
    <subfield code="c">2001.</subfield>
  </datafield>
  <datafield tag="300" ind1=" " ind2=" ">
    <subfield code="a">174 p.</subfield>
  </datafield>
  <datafield tag="500" ind1=" " ind2=" ">
    <subfield code="a">Bradbury, R. (2001). Fahrenheit 451. (1a ed.). Barcelona : Plaza &amp; Janes.</subfield>
  </datafield>
  <datafield tag="505" ind1=" " ind2=" ">
    <subfield code="a">Farenheit 451 ofrece la historia de un sombr&#xED;o y horroroso futuro. Montag, el protagonista, pertenece a una extra&#xF1;a brigada de bomberos cuya misi&#xF3;n, parad&#xF3;jicamente, no es la de sofocar incendios sino la de provocarlos, para quemar libros. Porque en el pa&#xED;s de Montag est&#xE1; terminantemente prohibido leer. Porque leer obliga a pensar y en el pa&#xED;s de Montag est&#xE1; prohibido pensar. Porque leer impide ser ingenuamente feliz, y en el pa&#xED;s de Montag hay que ser feliz a la fuerza... la novela m&#xE1;s c&#xE9;lebre de Ray Bradbury, maestro de la ficci&#xF3;n cient&#xED;fica. </subfield>
  </datafield>
  <datafield tag="590" ind1=" " ind2=" ">
    <subfield code="a">Proyecto 4to libro, Donaci&#xF3;n Navarro Adriana, febrero 2019</subfield>
  </datafield>
  <datafield tag="655" ind1=" " ind2=" ">
    <subfield code="a">Literatura</subfield>
    <subfield code="9">2917</subfield>
  </datafield>
  <datafield tag="942" ind1=" " ind2=" ">
    <subfield code="2">ddc</subfield>
    <subfield code="c">LIT</subfield>
  </datafield>
  <datafield tag="999" ind1=" " ind2=" ">
    <subfield code="c">2867</subfield>
    <subfield code="d">2867</subfield>
  </datafield>
  <datafield tag="952" ind1=" " ind2=" ">
    <subfield code="0">0</subfield>
    <subfield code="1">0</subfield>
    <subfield code="2">ddc</subfield>
    <subfield code="4">0</subfield>
    <subfield code="7">0</subfield>
    <subfield code="a">BFM</subfield>
    <subfield code="b">BFM</subfield>
    <subfield code="c">CR</subfield>
    <subfield code="d">2019-03-01</subfield>
    <subfield code="e">Donaci&#xF3;n Adriana Navarro, febrero 2019</subfield>
    <subfield code="l">2</subfield>
    <subfield code="o">808 8 BRA</subfield>
    <subfield code="p">4388</subfield>
    <subfield code="r">2024-04-03</subfield>
    <subfield code="s">2024-03-08</subfield>
    <subfield code="t">Ej. 1</subfield>
    <subfield code="w">2019-03-01</subfield>
    <subfield code="y">LIT</subfield>
    <subfield code="z">Proyecto 4to libro. Donaci&#xF3;n Adriana Navarro, febrero 2019</subfield>
  </datafield>
  <datafield tag="952" ind1=" " ind2=" ">
    <subfield code="0">0</subfield>
    <subfield code="1">0</subfield>
    <subfield code="2">ddc</subfield>
    <subfield code="4">0</subfield>
    <subfield code="7">0</subfield>
    <subfield code="a">BFM</subfield>
    <subfield code="b">BFM</subfield>
    <subfield code="c">CR</subfield>
    <subfield code="d">2025-05-21</subfield>
    <subfield code="e">Donaci&#xF3;n Mayo 2025. Hern&#xE1;ndez, Lucas Joaqu&#xED;n.</subfield>
    <subfield code="l">0</subfield>
    <subfield code="o">808 8 BRA</subfield>
    <subfield code="p">5038</subfield>
    <subfield code="r">2025-05-21</subfield>
    <subfield code="t">Ej. 2</subfield>
    <subfield code="w">2025-05-21</subfield>
    <subfield code="y">LIT</subfield>
    <subfield code="z">Donaci&#xF3;n Mayo 2025. Hern&#xE1;ndez, Lucas Joaqu&#xED;n. Sede Tordos.</subfield>
    <subfield code="f"></subfield>
  </datafield>
</record>
